000 00826nam a22002057a 4500
999 _c7768
_d7768
003 AR-CdUCM
008 190321b ||||| |||| 00| 0 spa d
040 _aMUNICIPALIDAD PROVINCIAL DEL CUSCO
_cBIBLIOTECA MUNICIPAL DEL CUSCO
082 _24 ed.
_a150.35 /
_bB47
100 _aBlumenfeld, Walter
_910381
245 _aIntroducción a la psicología experimental /
260 _aLima :
_bLopez,
_c1959.
300 _a481 páginas ;
_c23 cm.
505 _aContenido : Prefacio a la primera edición -- Prefacio a la segunda edición -- Prefacio a la tercera edición -- Capítulo I : Noción y terreno de la Psicología -- Capítulo II : Fines y métodos de la investigación psicológica ...
650 _aPsicología
_91538
650 _aMétodos
_920153
650 _aHumana
_919436
942 _2ddc
_cLIBROS
945 _arah